000 00760nam a22001817a 4500
003 UA-OsUOA
001 19658
007 ta
008 20040912b un ||||| |||| 00| 0 ukr d
100 _aАлексюк Т.
942 _cSA
040 _aUA-OsUOA
_cUA-OsUOA
_dUA-OsUOA
245 _aЙого життя - пошук алмазів
_b[Про провід. наук. співробітника ін-ту геохімії, мінералогії і рудоутворення НАН України С.С.Мацюка, який родом з с.Великі Телковичі Зарічнен. р-ну]
300 _aС.5
955 _a0
773 0 _w0
_tПолісся
_dсмт. Зарічне
_d2004
_g№35/3 верес./
650 7 _aЗнатні люди
_2UDC
999 _c305829
_d305829